Lenguaje y Comunicación: programa de estudio segundo año básico

Zapisane w:
Opis bibliograficzny
Korporacja: Ministerio de Educación (Autor)
Format: Książka
Język:hiszpański
Wydane: Santiago Ministerio de Educación 2013
Wydanie:1a. ed
Hasła przedmiotowe:
Etykiety: Dodaj etykietę
Nie ma etykietki, Dołącz pierwszą etykiete!

MARC

LEADER 00000cam a2200000 a 4500
001 UCE1790
003 CL-VaPUC
008 140519e20130000cl |||||||||||||||||spa|d
020 |a 9789562923798 
082 0 4 |a 372.6  |b MIN  |2 21 
110 2 |a Ministerio de Educación  |e author  |9 574167 
245 1 0 |a Lenguaje y Comunicación: programa de estudio segundo año básico 
250 |a 1a. ed 
300 |a 195 p 
942 |c BK 
945 |d 20140519 10:12:00  |a dcastane 
260 |a Santiago  |b Ministerio de Educación  |c 2013 
650 0 |a Enseñanza del español  |9 339826 
650 0 |a Métodos de enseñanza  |9 270413 
650 0 |a Educación básica   |9 224933 
583 |a last modification  |c 20140519 10:12:00  |k Rodrigo Vera 
999 |c 355478  |d 355476 
952 |0 0  |1 0  |3 erb  |4 0  |6 372_600000000000000_MIN_2013  |7 0  |8 R  |9 462225  |a BIBEDU  |b BIBEDU  |i 5077613  |o 372.6 MIN 2013  |p 5077613  |r 2019-11-23  |w 2019-11-23  |y BK_R  |z Catalogado en:20140519  |k EPE